| 000 | 01057cam a2200361Ia 4500 | ||
|---|---|---|---|
| 001 | 96726 | ||
| 005 | 20230411090055.0 | ||
| 008 | 090916s2009 fr ab b 000 0 fre d | ||
| 035 | _a(OCoLC)ocn437302661 | ||
| 040 |
_aTZT _cTZT _dDGU |
||
| 020 | _a9782745927231 | ||
| 020 | _a274592723X | ||
| 029 | 0 |
_aTZT _bJTL00255785 |
|
| 035 | _a(OCoLC)437302661 | ||
| 043 | _aa-le--- | ||
| 082 | 1 | 4 |
_a320 _21 |
| 090 |
_aDS80.9 _b.H45 2009 |
||
| 049 | _aGRAL | ||
| 100 | 1 | _aHeurteaux, Michel. | |
| 245 | 1 | 3 |
_aLe Liban : _bau coeur des crises du Proche-Orient / _cMichel Heurteaux. |
| 260 |
_aToulouse : _bMilan, _c2009. |
||
| 300 |
_a63 p. : _bill., map ; _c19 cm. |
||
| 490 | 1 |
_aLes essentiels Milan ; _v303 |
|
| 504 | _aIncludes bibliographical references (p. 62) | ||
| 651 | 0 |
_aLebanon _xHistory. |
|
| 651 | 0 |
_aLebanon _xPolitics and government. |
|
| 830 | 0 |
_aEssentiels Milan ; _v303. |
|
| 936 | _aPR 495193630 | ||
| 938 |
_aJean Touzot Libraire Editeur _bTOUZ _nJTL00255785 _c5,90 EUR |
||
| 942 |
_2lcc _cbk |
||
| 994 |
_aC0 _bDRFGD |
||
| 946 | _aJP | ||
| 999 |
_c112021 _d112021 |
||